[Event "RUS-chT Blitz (Women)"]
[Site "Sochi"]
[Date "2023.10.17"]
[Round "3.2"]
[White "Obolentseva, Alexandra"]
[Black "Tabermakova, Leila"]
[Result "1-0"]
[WhiteElo "2323"]
[BlackElo "1887"]
[PlyCount "164"]
[EventDate "2023.10.17"]
[EventType "team-tourn (blitz)"]
[EventRounds "13"]
[EventCountry "RUS"]
[SourceTitle "Mega2024 Update 01"]
[Source "Chessbase"]
[SourceDate "2023.11.12"]
[SourceVersion "1"]
[SourceVersionDate "2023.11.12"]
[SourceQuality "1"]
[WhiteTeam "Moscow ShSM (W)"]
[BlackTeam "Bashkortostan (W)"]
[WhiteTeamCountry "RUS"]
[BlackTeamCountry "RUS"]

1. d4 Nf6 2. c4 c5 3. d5 b5 4. cxb5 a6 5. bxa6 g6 6. Nc3 Bg7 7. e4 0-0 8. Nf3 d6 9. Bc4 Qa5 10. a7 Rxa7 11. 0-0 Ba6 12. Nd2 Nbd7 13. a4 Qb4 14. Bxa6 Rxa6 15. Qe2 Qb7 16. Ra3 e6 17. dxe6 fxe6 18. Qb5 Qc8 19. a5 d5 20. exd5 exd5 21. Na4 Re6 22. Nf3 Qa6 23. Rb3 Rfe8 24. Nxc5 Nxc5 25. Qxc5 Qe2 26. Re3 Rxe3 27. Bxe3 Qxb2 28. Bd4 Qa2 29. h3 Kh8 30. Qc7 Qc4 31. Qxc4 dxc4 32. Rc1 Ra8 33. Rxc4 Nd5 34. Bxg7+ Kxg7 35. Rc5 Nb4 36. Nd4 Na6 37. Rb5 Kh6 38. Kh2 Nc7 39. Rc5 Na6 40. Rc4 Nb8 41. Ra4 Na6 42. g4 Rd8 43. Kg3 Rd5 44. Nf3 Kg7 45. h4 Rd3 46. Rc4 Ra3 47. g5 Rxa5 48. Nh2 Ra3+ 49. f3 Ra1 50. Ng4 Rb1 51. Rd4 Nc5 52. Rd5 Rc1 53. Nf6 Rc3 54. Kg4 h5+ 55. Kg3 Rc1 56. Re5 Kf7 57. Re2 Rc4 58. Rb2 Rc3 59. Rb6 Rc1 60. Rd6 Rc3 61. Rd8 Rc1 62. Rh8 Nd3 63. Rh7+ Kf8 64. Rd7 Ne1 65. Rd8+ Kf7 66. Rd7+ Kf8 67. Rd2 Rc3 68. Rf2 Nd3 69. Rf1 Ne5 70. Ne4 Re3 71. Kg2 Kg7 72. Ng3 Nd3 73. f4 Re8 74. f5 gxf5 75. Rxf5 Ra8 76. Rf6 Ra2+ 77. Kf1 Ne5 78. Nxh5+ Kh7 79. Rf2 Ra1+ 80. Kg2 Nd3 81. Rd2 Ne1+ 82. Kg3 Rc1 1-0

[Event "RUS-chT Blitz (Women)"]
[Site "Sochi"]
[Date "2023.10.17"]
[Round "5.6"]
[White "Tabermakova, Leila"]
[Black "Komissarova, Soigina"]
[Result "0-1"]
[WhiteElo "1887"]
[BlackElo "1859"]
[PlyCount "110"]
[EventDate "2023.10.17"]
[EventType "team-tourn (blitz)"]
[EventRounds "13"]
[EventCountry "RUS"]
[SourceTitle "Mega2024 Update 01"]
[Source "Chessbase"]
[SourceDate "2023.11.12"]
[SourceVersion "1"]
[SourceVersionDate "2023.11.12"]
[SourceQuality "1"]
[WhiteTeam "Bashkortostan (W)"]
[BlackTeam "Buryatiya (W)"]
[WhiteTeamCountry "RUS"]
[BlackTeamCountry "RUS"]

1. e4 c5 2. Nf3 Nc6 3. Bb5 g6 4. 0-0 Bg7 5. c3 e5 6. d4 cxd4 7. cxd4 exd4 8. Bf4 a6 9. Ba4 b5 10. Bb3 Bb7 11. Nbd2 d6 12. Re1 Nge7 13. Rc1 0-0 14. Nf1 a5 15. a4 b4 16. h4 h6 17. Ng3 Kh7 18. h5 Rc8 19. Qd2 Qd7 20. Bc2 Ne5 21. Qe2 g5 22. Bxg5 hxg5 23. Nxg5+ Kh8 24. f4 Ng4 25. Bb3 Nh6 26. f5 d5 27. e5 Nexf5 28. Nxf5 Qxf5 29. Qd2 d3 30. Rf1 Qg4 31. Rxc8 Rxc8 32. Nxf7+ Nxf7 33. Rxf7 d4 34. h6 Bxe5 35. Bd1 Qg3 36. Qf2 Qxf2+ 37. Kxf2 Bd6 38. Rxb7 Rf8+ 39. Ke1 Bg3+ 40. Kd2 Bf4+ 41. Kxd3 Bxh6 42. Bf3 Be3 43. Be4 Rf2 44. b3 Rd2+ 45. Kc4 Rb2 46. Bd3 Rxg2 47. Be4 Rg1 48. Kd5 Rg5+ 49. Ke6 Rg4 50. Bf5 Rg3 51. Kf6 d3 52. Rh7+ Kg8 53. Re7 Bg5+ 54. Ke6 Bxe7 55. Bxd3 Rxd3 0-1

[Event "RUS-ch Rapid (Women)"]
[Site "Sochi"]
[Date "2023.10.16"]
[Round "10"]
[White "Tabermakova, Leila"]
[Black "Shubenkova, Veronika"]
[Result "0-1"]
[WhiteElo "1887"]
[BlackElo "2007"]
[PlyCount "96"]
[EventDate "2023.10.15"]
[EventType "swiss (rapid)"]
[EventRounds "11"]
[EventCountry "RUS"]
[SourceTitle "Mega2024 Update 01"]
[Source "Chessbase"]
[SourceDate "2023.11.12"]
[SourceVersion "1"]
[SourceVersionDate "2023.11.12"]
[SourceQuality "1"]

1. e4 e6 2. d4 d5 3. Nc3 Nf6 4. e5 Nfd7 5. f4 c5 6. Nf3 Nc6 7. Be3 cxd4 8. Nxd4 a6 9. Qd2 Bc5 10. Nd1 Nxd4 11. Bxd4 Bxd4 12. Qxd4 Qc7 13. c3 b5 14. Be2 Bb7 15. Bf3 Qc5 16. Qd3 Qc4 17. Qd2 Rc8 18. Nf2 0-0 19. Be2 Qc7 20. 0-0 f6 21. exf6 Nxf6 22. Bf3 Ne4 23. Bxe4 dxe4 24. Ng4 Rcd8 25. Qf2 Rd5 26. Ne3 Rd3 27. Rae1 Qc5 28. Kh1 Qh5 29. Re2 Bd5 30. a3 h6 31. g4 Qh3 32. Rg1 Qf3+ 33. Rg2 Rxf4 34. Qg1 Rf8 35. g5 hxg5 36. Nxd5 exd5 37. Ref2 Qd1 38. Rxf8+ Kxf8 39. Rf2+ Kg8 40. Rf1 Qe2 41. Rf2 Qh5 42. Rf1 e3 43. Qg3 Rd1 44. Kg1 e2 45. Re1 Rxe1+ 46. Qxe1 Qf3 47. Qf2 Qg4+ 48. Kh1 Qe4+ 0-1

[Event "RUS-ch Rapid (Women)"]
[Site "Sochi"]
[Date "2023.10.15"]
[Round "4"]
[White "Potapova, Margarita"]
[Black "Tabermakova, Leila"]
[Result "1-0"]
[WhiteElo "2155"]
[BlackElo "1887"]
[PlyCount "69"]
[EventDate "2023.10.15"]
[EventType "swiss (rapid)"]
[EventRounds "11"]
[EventCountry "RUS"]
[SourceTitle "Mega2024 Update 01"]
[Source "Chessbase"]
[SourceDate "2023.11.12"]
[SourceVersion "1"]
[SourceVersionDate "2023.11.12"]
[SourceQuality "1"]

1. d4 Nf6 2. c4 c5 3. d5 b5 4. cxb5 a6 5. bxa6 g6 6. Nc3 Bg7 7. e4 0-0 8. a7 Rxa7 9. Nf3 d6 10. Be2 Bg4 11. Nd2 Bxe2 12. Qxe2 Na6 13. 0-0 Nb4 14. Nc4 Nd7 15. Bf4 Nb6 16. Nxb6 Qxb6 17. a3 Rfa8 18. Rab1 Na6 19. e5 Nc7 20. Rfe1 Rb8 21. h4 h5 22. Qd3 dxe5 23. Bxe5 Bxe5 24. Rxe5 Qf6 25. Qe3 Ne8 26. Re4 Rb3 27. Rf4 Qd6 28. Ne4 Qxd5 29. Qxc5 Qb7 30. Qc4 Nd6 31. Nxd6 exd6 32. Re1 Ra8 33. Rfe4 Rf8 34. Re8 Rxb2 35. Qd4 1-0

[Event "Ufa Penzina Memorial"]
[Site "Ufa"]
[Date "2023.08.10"]
[Round "5"]
[White "Yakimova, Mariya"]
[Black "Tabermakova, Leila"]
[Result "1-0"]
[WhiteElo "2213"]
[BlackElo "1865"]
[PlyCount "113"]
[EventDate "2023.08.06"]
[EventType "swiss"]
[EventRounds "9"]
[EventCountry "RUS"]
[SourceTitle "CBM 215 Extra"]
[Source "ChessBase"]
[SourceDate "2023.09.30"]
[SourceVersion "1"]
[SourceVersionDate "2023.09.30"]
[SourceQuality "1"]

1. d4 Nf6 2. c4 g6 3. Nc3 d5 4. cxd5 Nxd5 5. e4 Nxc3 6. bxc3 Bg7 7. Nf3 c5 8. Bb5+ Bd7 9. Be2 0-0 10. 0-0 Nc6 11. d5 Na5 12. Be3 Rc8 13. Rc1 b5 14. e5 Nc4 15. Bf4 Bg4 16. Re1 Qa5 17. h3 Bf5 18. Qb3 Nb6 19. c4 bxc4 20. Bxc4 Nxc4 21. Rxc4 Rfd8 22. g4 Bd7 23. Qc2 e6 24. d6 Bc6 25. Bd2 Qa6 26. Ng5 Ba8 27. f3 Qb7 28. Ba5 Rf8 29. Bc3 Qd5 30. Rf4 c4 31. Rd1 Qb5 32. Qe2 Bd5 33. Ne4 Kh8 34. g5 Bxe4 35. Rxe4 Rc5 36. Kg2 Rfc8 37. Rd2 Kg8 38. Rb2 Qc6 39. Rb1 Kh8 40. Qb2 Qd5 41. Re3 Kg8 42. Qb7 a5 43. Kf2 Bf8 44. Qxd5 Rxd5 45. Ke2 Ra8 46. a4 Rc8 47. Rb7 Bg7 48. f4 Bf8 49. Re4 Rd3 50. Bxa5 Ra8 51. Rxc4 Rd5 52. Bc3 h6 53. h4 hxg5 54. hxg5 f6 55. gxf6 Bh6 56. a5 Bf8 57. Rc6 1-0

[Event "Ufa Penzina Memorial"]
[Site "Ufa"]
[Date "2023.08.08"]
[Round "3"]
[White "Bubnova, Uliana"]
[Black "Tabermakova, Leila"]
[Result "0-1"]
[WhiteElo "1675"]
[BlackElo "1865"]
[PlyCount "92"]
[EventDate "2023.08.06"]
[EventType "swiss"]
[EventRounds "9"]
[EventCountry "RUS"]
[SourceTitle "CBM 215 Extra"]
[Source "ChessBase"]
[SourceDate "2023.09.30"]
[SourceVersion "1"]
[SourceVersionDate "2023.09.30"]
[SourceQuality "1"]

1. e4 c5 2. Nf3 d6 3. d4 cxd4 4. Qxd4 Nc6 5. Bb5 Bd7 6. Bxc6 Bxc6 7. Nc3 h6 8. Qd3 Nf6 9. Nd4 e6 10. 0-0 Qd7 11. a4 Be7 12. b4 b6 13. Nxc6 Qxc6 14. b5 Qc7 15. Ne2 Nd7 16. Bb2 0-0 17. f4 Rac8 18. Nd4 Bf6 19. c3 Qc4 20. Qg3 Bxd4+ 21. cxd4 Qc2 22. Rab1 Qxe4 23. f5 exf5 24. Qxd6 Rc2 25. Qg3 Qd5 26. Qf3 Qxf3 27. Rxf3 Re8 28. Rf2 Ree2 29. Rxe2 Rxe2 30. Bc3 Rc2 31. Rb3 Nf6 32. h3 Nd5 33. Be1 Ra2 34. Kh2 f4 35. h4 h5 36. Kg1 Rxa4 37. Kf2 f6 38. Kf3 Kf7 39. Bf2 Ke6 40. Bg1 Kf5 41. Bf2 g5 42. g3 g4+ 43. Ke2 Ke4 44. gxf4 Nxf4+ 45. Ke1 Ra1+ 46. Kd2 Ra2+ 0-1

[Event "Wch U14 Girls blitz"]
[Site "Batumi"]
[Date "2023.06.11"]
[Round "7"]
[White "Mgeladze, Kesaria"]
[Black "Tabermakova, Leila"]
[Result "1/2-1/2"]
[WhiteElo "1712"]
[BlackElo "1698"]
[PlyCount "142"]
[EventDate "2023.06.10"]
[EventType "swiss (blitz)"]
[EventRounds "11"]
[EventCountry "GEO"]
[SourceTitle "EXT 2024"]
[Source "ChessBase"]
[SourceDate "2023.10.10"]
[SourceVersion "1"]
[SourceVersionDate "2023.10.10"]
[SourceQuality "1"]
[WhiteTeam "Georgia"]
[BlackTeam "Russia"]
[WhiteTeamCountry "GEO"]
[BlackTeamCountry "RUS"]

1. d4 Nf6 2. Nc3 d5 3. Bf4 c5 4. e4 Nxe4 5. Nxe4 dxe4 6. dxc5 Qa5+ 7. c3 Qxc5 8. Qa4+ Nc6 9. Qxe4 g6 10. Nf3 Bg7 11. Bc4 0-0 12. 0-0 Bf5 13. Qe2 Rac8 14. Be3 Qa5 15. Bb3 Qc7 16. h3 b6 17. Rad1 Na5 18. Bc2 Bxc2 19. Qxc2 Nc4 20. Bc1 Rfd8 21. Qe2 Qc5 22. b3 Ne5 23. c4 Nxf3+ 24. Qxf3 h5 25. Qe2 Kh7 26. Rfe1 Bf6 27. Bb2 Bxb2 28. Qxb2 Rxd1 29. Rxd1 Qc7 30. Qd4 Qc6 31. Qd7 Qc7 32. Qd5 Kg7 33. Qd4+ Kg8 34. Qd7 Kf8 35. h4 Kg8 36. g3 Kf8 37. Kg2 Kg8 38. Qd5 Kg7 39. Qd4+ Kg8 40. Qd7 Kf8 41. Qb5 Rd8 42. Rxd8+ Qxd8 43. Qe5 Kg8 44. Qe4 Qd6 45. Qb7 a5 46. Qa8+ Kg7 47. Qb7 Qc5 48. Qd7 Qa3 49. Qd4+ Kg8 50. Qxb6 Qxa2 51. c5 Qb1 52. c6 Qe4+ 53. Kh2 Kh7 54. c7 Qc2 55. Kg2 Qe4+ 56. Kg1 Qb1+ 57. Kh2 Qc2 58. Kg2 Qe4+ 59. f3 Qc2+ 60. Kh3 Qf5+ 61. Kg2 Qc2+ 62. Kf1 Qd1+ 63. Kf2 Qd2+ 64. Kg1 Qc1+ 65. Kh2 Qc2+ 66. Kh3 Qf5+ 67. Kg2 Qc2+ 68. Kh1 Qc1+ 69. Kg2 Qc2+ 70. Kf1 Qd1+ 71. Kf2 Qd2+ 1/2-1/2

[Event "Wch U14 Girls blitz"]
[Site "Batumi"]
[Date "2023.06.11"]
[Round "11"]
[White "Tabermakova, Leila"]
[Black "Liashkevich, Lizaveta"]
[Result "1-0"]
[WhiteElo "1698"]
[BlackElo "1664"]
[PlyCount "59"]
[EventDate "2023.06.10"]
[EventType "swiss (blitz)"]
[EventRounds "11"]
[EventCountry "GEO"]
[SourceTitle "EXT 2024"]
[Source "ChessBase"]
[SourceDate "2023.10.10"]
[SourceVersion "1"]
[SourceVersionDate "2023.10.10"]
[SourceQuality "1"]
[WhiteTeam "Russia"]
[BlackTeam "FIDE"]
[WhiteTeamCountry "RUS"]

1. e4 e5 2. Nf3 Nc6 3. Bb5 Nf6 4. 0-0 Nxe4 5. d4 Nd6 6. dxe5 Nxb5 7. a4 Nbd4 8. Nxd4 Nxd4 9. Qxd4 d5 10. Qd3 c6 11. a5 Qd7 12. Be3 Be7 13. Nd2 0-0 14. Nb3 Qf5 15. Qc3 Qd7 16. Nc5 Qe8 17. f4 f6 18. Bd4 fxe5 19. fxe5 Rxf1+ 20. Rxf1 b6 21. Nd3 c5 22. Bf2 d4 23. Qb3+ Kh8 24. Nf4 Bf5 25. Bg3 Qc6 26. Qd5 Bd7 27. e6 Be8 28. Qf5 h6 29. Nd5 Qb7 30. a6 1-0

[Event "Wch U14 Girls blitz"]
[Site "Batumi"]
[Date "2023.06.10"]
[Round "6"]
[White "Tabermakova, Leila"]
[Black "Imomkuzieva, Nilufarkhon"]
[Result "1-0"]
[WhiteElo "1698"]
[BlackElo "1414"]
[PlyCount "107"]
[EventDate "2023.06.10"]
[EventType "swiss (blitz)"]
[EventRounds "11"]
[EventCountry "GEO"]
[SourceTitle "EXT 2024"]
[Source "ChessBase"]
[SourceDate "2023.10.10"]
[SourceVersion "1"]
[SourceVersionDate "2023.10.10"]
[SourceQuality "1"]
[WhiteTeam "Russia"]
[BlackTeam "Uzbekistan"]
[WhiteTeamCountry "RUS"]
[BlackTeamCountry "UZB"]

1. e4 e5 2. Nf3 Nc6 3. Bb5 a6 4. Ba4 Nf6 5. 0-0 b5 6. Bb3 Be7 7. Re1 d6 8. h3 0-0 9. c3 Nb8 10. d4 Nbd7 11. Nbd2 c5 12. Nf1 Qc7 13. Ng3 Bb7 14. a4 Rfc8 15. Qe2 Bf8 16. Bd2 c4 17. Bc2 g6 18. b3 Bg7 19. bxc4 bxc4 20. Reb1 a5 21. Rb2 Ba6 22. Rab1 Ne8 23. dxe5 dxe5 24. Be3 Rab8 25. Qd1 Bf8 26. Rxb8 Rxb8 27. Rxb8 Nxb8 28. Qb1 Nd7 29. Nd2 Bc5 30. Ngf1 Nd6 31. Bxc5 Qxc5 32. Ne3 Qa3 33. Nd5 Qc5 34. Qb2 f5 35. Kh2 fxe4 36. Ne3 Bb7 37. Qb1 Qa3 38. Nxe4 Bxe4 39. Bxe4 Qxc3 40. Bd5+ Kg7 41. Be6 Nc5 42. Qb8 Nxe6 43. Qxd6 Nf8 44. Nd5 Qd4 45. Qf6+ Kh6 46. Qxf8+ Kh5 47. Nf6+ Kg5 48. Nxh7+ Kh5 49. Qf3+ Kh6 50. Nf6 c3 51. Ng4+ Kh7 52. Qf7+ Kh8 53. Qf8+ Kh7 54. Nf6# 1-0

[Event "Wch U14 Girls rapid"]
[Site "Batumi"]
[Date "2023.06.08"]
[Round "10"]
[White "Tabermakova, Leila"]
[Black "Haapsal, Maria Ioanna"]
[Result "1-0"]
[WhiteElo "1744"]
[BlackElo "1675"]
[PlyCount "127"]
[EventDate "2023.06.06"]
[EventType "swiss (rapid)"]
[EventRounds "11"]
[EventCountry "GEO"]
[SourceTitle "EXT 2024"]
[Source "ChessBase"]
[SourceDate "2023.10.10"]
[SourceVersion "1"]
[SourceVersionDate "2023.10.10"]
[SourceQuality "1"]
[WhiteTeam "FIDE"]
[BlackTeam "Estonia"]
[BlackTeamCountry "EST"]

1. e4 c5 2. Nf3 e6 3. d4 cxd4 4. Nxd4 Nc6 5. Nc3 Nf6 6. Nxc6 bxc6 7. e5 Nd5 8. Ne4 Qc7 9. f4 Qb6 10. c4 Bb4+ 11. Ke2 Ba6 12. Kf3 f5 13. Nf2 Nc7 14. Be3 Bc5 15. Bxc5 Qxc5 16. Qd6 Qb6 17. b4 Rd8 18. Rc1 Kf7 19. Nd3 Ne8 20. Qc5 Qxc5 21. Nxc5 Bc8 22. Nd3 g5 23. g3 gxf4 24. gxf4 d6 25. exd6 Nxd6 26. Ne5+ Kf6 27. Ke3 Bb7 28. Bg2 Ne4 29. Bxe4 fxe4 30. c5 Rd5 31. Nc4 Ba6 32. Nd6 Rd3+ 33. Kxe4 Rd2 34. a4 Re2+ 35. Kf3 Rb2 36. Rb1 Rxb1 37. Rxb1 Rb8 38. Ke4 Be2 39. Kd4 a6 40. Kc3 Bh5 41. Re1 Rg8 42. Ne4+ Ke7 43. Ng5 Bg4 44. Nxe6 Bxe6 45. f5 Rg2 46. Rxe6+ Kd7 47. Rh6 Rg7 48. b5 axb5 49. axb5 cxb5 50. Kb4 Rf7 51. Kxb5 Kc7 52. f6 Kb7 53. c6+ Kc7 54. Kc5 Kc8 55. Kd6 Kd8 56. Ke6 Ke8 57. Rh3 Rc7 58. Rc3 Kf8 59. Kd6 Rf7 60. c7 Rxf6+ 61. Ke5 Rf7 62. c8Q+ Kg7 63. Rg3+ Kh6 64. Qh3# 1-0

[Event "Wch U14 Girls rapid"]
[Site "Batumi"]
[Date "2023.06.08"]
[Round "9"]
[White "Tabermakova, Leila"]
[Black "Shukhman, Anna"]
[Result "0-1"]
[WhiteElo "1744"]
[BlackElo "2123"]
[PlyCount "54"]
[EventDate "2023.06.06"]
[EventType "swiss (rapid)"]
[EventRounds "11"]
[EventCountry "GEO"]
[SourceTitle "EXT 2024"]
[Source "ChessBase"]
[SourceDate "2023.10.10"]
[SourceVersion "1"]
[SourceVersionDate "2023.10.10"]
[SourceQuality "1"]
[WhiteTeam "FIDE"]
[BlackTeam "FIDE"]

1. e4 Nf6 2. e5 Nd5 3. d4 d6 4. Nf3 g6 5. exd6 cxd6 6. Bc4 Nf6 7. 0-0 Bg7 8. c3 0-0 9. Bf4 Bf5 10. Nbd2 Nc6 11. Re1 Rc8 12. a4 Nh5 13. Bg5 h6 14. Bh4 Nf4 15. d5 Ne5 16. Nxe5 dxe5 17. Qb3 Qc7 18. Bf1 Nxd5 19. Qxd5 Rfd8 20. Qb3 Rxd2 21. Qb4 a5 22. Qb5 Rcd8 23. Bc4 R8d6 24. Qb3 e6 25. Bg3 Rb6 26. Bb5 Qc5 27. Rad1 Bc2 0-1

[Event "Cheliabinsk Lozovatsky Memorial-B"]
[Site "Cheliabinsk"]
[Date "2023.01.30"]
[Round "4"]
[White "Nurgaliyeva, Zarina"]
[Black "Tabermakova, Leila"]
[Result "1-0"]
[WhiteElo "1980"]
[BlackElo "1656"]
[PlyCount "85"]
[EventDate "2023.01.27"]
[EventType "swiss"]
[EventRounds "10"]
[EventCountry "RUS"]
[SourceTitle "CBM 212 Extra"]
[Source "ChessBase"]
[SourceDate "2023.03.31"]
[SourceVersion "1"]
[SourceVersionDate "2023.03.31"]
[SourceQuality "1"]

1. e4 c5 2. Nf3 d6 3. Bb5+ Bd7 4. Bxd7+ Qxd7 5. c4 Nf6 6. Nc3 g6 7. d4 cxd4 8. Nxd4 Bg7 9. b3 Nc6 10. Bb2 Qg4 11. Qxg4 Nxg4 12. Nc2 0-0-0 13. f3 Nge5 14. 0-0-0 h5 15. Kb1 h4 16. h3 g5 17. Nd5 Rhg8 18. Rd2 e6 19. Nde3 Kc7 20. Rhd1 Ng6 21. Bxg7 Rxg7 22. Kb2 Nge7 23. Kc3 Rgg8 24. b4 Ne5 25. a4 a6 26. a5 N7c6 27. Na1 Rd7 28. Nb3 Na7 29. Nd4 Nac6 30. Ne2 Rc8 31. Kb3 Rcd8 32. Nc3 b6 33. axb6+ Kxb6 34. Na4+ Ka7 35. b5 axb5 36. cxb5 Ne7 37. Kb4 d5 38. Nc5 Rd6 39. Ra2+ Kb8 40. Rda1 Nc8 41. exd5 Nb6 42. Ra7 Ned7 43. Nb7 1-0

[Event "Cheliabinsk Lozovatsky Memorial-B"]
[Site "Cheliabinsk"]
[Date "2023.01.29"]
[Round "3"]
[White "Tabermakova, Leila"]
[Black "Shnayder, Violetta"]
[Result "1/2-1/2"]
[WhiteElo "1656"]
[BlackElo "1895"]
[PlyCount "81"]
[EventDate "2023.01.27"]
[EventType "swiss"]
[EventRounds "10"]
[EventCountry "RUS"]
[SourceTitle "CBM 212 Extra"]
[Source "ChessBase"]
[SourceDate "2023.03.31"]
[SourceVersion "1"]
[SourceVersionDate "2023.03.31"]
[SourceQuality "1"]

1. e4 c6 2. d4 d5 3. e5 Bf5 4. h4 h5 5. Bd3 Bxd3 6. Qxd3 Qa5+ 7. Nd2 e6 8. Ngf3 Qa6 9. c4 Nh6 10. b3 Nf5 11. 0-0 c5 12. Qc2 dxc4 13. Nxc4 cxd4 14. Ne3 Qc6 15. Qxc6+ Nxc6 16. Nxf5 exf5 17. Bb2 Bc5 18. Rfd1 Rd8 19. Rac1 b6 20. a3 a5 21. b4 axb4 22. axb4 Nxb4 23. Bxd4 0-0 24. Bxc5 Rxd1+ 25. Rxd1 bxc5 26. Rc1 Nd3 27. Rc3 Rd8 28. Ng5 Nxe5 29. Rxc5 f6 30. Nh3 Rd1+ 31. Kh2 Rd4 32. g3 Rd2 33. Kg1 Kh7 34. Rc7 Ng4 35. Rc5 g6 36. Rc7+ Kh6 37. Rc6 Rb2 38. Ra6 Rb1+ 39. Kg2 Rb2 40. Kg1 Rc2 41. Rb6 1/2-1/2

[Event "Cheliabinsk Lozovatsky Memorial-B"]
[Site "Cheliabinsk"]
[Date "2023.01.28"]
[Round "2"]
[White "Usacheva, Glafira"]
[Black "Tabermakova, Leila"]
[Result "1/2-1/2"]
[WhiteElo "1879"]
[BlackElo "1656"]
[PlyCount "108"]
[EventDate "2023.01.27"]
[EventType "swiss"]
[EventRounds "10"]
[EventCountry "RUS"]
[SourceTitle "CBM 212 Extra"]
[Source "ChessBase"]
[SourceDate "2023.03.31"]
[SourceVersion "1"]
[SourceVersionDate "2023.03.31"]
[SourceQuality "1"]

1. e4 c5 2. Nf3 d6 3. d4 cxd4 4. Nxd4 Nf6 5. f3 e5 6. Nb3 d5 7. Bg5 d4 8. c3 Nc6 9. cxd4 Bb4+ 10. Bd2 Nxe4 11. Bxb4 Qh4+ 12. g3 Nxg3 13. hxg3 Qxh1 14. Bc5 Bh3 15. N1d2 0-0-0 16. Qc2 Bxf1 17. 0-0-0 Qh6 18. Rxf1 exd4 19. Bxa7 Qg6 20. Qc4 Qe6 21. Qa4 Nxa7 22. Qxa7 Qa6 23. Qxa6 bxa6 24. Re1 h5 25. Nc4 Rh6 26. Nc5 g5 27. Ne5 Re8 28. Kd2 f6 29. Nf7 Rxe1 30. Kxe1 Rh7 31. Nd6+ Kd8 32. Nf5 h4 33. Kf2 h3 34. Kg1 d3 35. Nxd3 Rd7 36. Nc5 Rd5 37. Ne6+ Kd7 38. Ned4 Re5 39. Kh2 Re1 40. Kxh3 Ra1 41. a3 Ra2 42. b3 Rxa3 43. Kg4 Ke8 44. Nd6+ Ke7 45. Ne4 Kf7 46. Nc5 Kg6 47. f4 f5+ 48. Nxf5 Ra5 49. b4 Rb5 50. Ne7+ Kf7 51. Nc6 gxf4 52. gxf4 a5 53. Nxa5 Rxb4 54. Kf5 Rxf4+ 1/2-1/2

[Event "EU-ch U14 Girls 30th"]
[Site "Antalya"]
[Date "2022.11.14"]
[Round "9"]
[White "Bursali, Ela"]
[Black "Tabermakova, Leila"]
[Result "0-1"]
[WhiteElo "1369"]
[BlackElo "1716"]
[PlyCount "82"]
[EventDate "2022.11.06"]
[EventType "swiss"]
[EventRounds "9"]
[EventCountry "TUR"]
[SourceTitle "EXT 2024"]
[Source "ChessBase"]
[SourceDate "2023.10.10"]
[SourceVersion "1"]
[SourceVersionDate "2023.10.10"]
[SourceQuality "1"]

1. e4 c5 2. Nc3 d6 3. f4 g6 4. Nf3 Bg7 5. Bb5+ Nc6 6. Bxc6+ bxc6 7. d3 Qb6 8. Rb1 Bxc3+ 9. Bd2 Bxd2+ 10. Qxd2 Bg4 11. Ng1 Nf6 12. h3 Be6 13. b3 h5 14. Nf3 c4 15. Ng5 cxd3 16. Qxd3 0-0-0 17. Ke2 d5 18. e5 Ne4 19. Nxe4 dxe4 20. Qe3 Qxe3+ 21. Kxe3 Rd5 22. Kxe4 Rhd8 23. Ke3 Rd2 24. g3 Rxc2 25. Rbc1 Rxc1 26. Rxc1 Kb7 27. h4 Bf5 28. Rc3 Rd1 29. a3 a5 30. a4 Rb1 31. Kd2 Rb2+ 32. Kc1 Rf2 33. Re3 Be6 34. Rd3 Bd5 35. Rc3 Kb6 36. Kb1 Rf3 37. Rxf3 Bxf3 38. Kc2 Kc5 39. Kc3 Bd1 40. Kb2 Kb4 41. Ka2 Bxb3+ 0-1

[Event "EU-ch U14 Girls 30th"]
[Site "Antalya"]
[Date "2022.11.13"]
[Round "8"]
[White "Tabermakova, Leila"]
[Black "Arora, Tashika"]
[Result "0-1"]
[WhiteElo "1716"]
[BlackElo "1908"]
[PlyCount "120"]
[EventDate "2022.11.06"]
[EventType "swiss"]
[EventRounds "9"]
[EventCountry "TUR"]
[SourceTitle "CBM 211 Extra"]
[Source "ChessBase"]
[SourceDate "2023.01.31"]
[SourceVersion "1"]
[SourceVersionDate "2023.01.31"]
[SourceQuality "1"]

1. e4 e5 2. Nf3 Nc6 3. Bb5 a6 4. Ba4 Nf6 5. 0-0 b5 6. Bb3 Bb7 7. d3 Bc5 8. a4 b4 9. a5 0-0 10. Bg5 h6 11. Bh4 d6 12. c3 bxc3 13. bxc3 Re8 14. Nbd2 Rb8 15. Ba4 Ba7 16. Nc4 Re6 17. Re1 Qc8 18. Bb3 Nd7 19. Ne3 Rg6 20. d4 exd4 21. cxd4 Nf6 22. Bc2 Nb4 23. Nf5 Qd7 24. Ba4 Bc6 25. Bxc6 Nxc6 26. Qa4 Kh7 27. Ng3 Rb4 28. Qa3 Bxd4 29. Nxd4 Rxd4 30. Bxf6 Rxf6 31. Qc3 d5 32. exd5 Qxd5 33. Qc2+ g6 34. Red1 Nb4 35. Qe2 Nd3 36. f3 Nf4 37. Qf1 Rxd1 38. Rxd1 Qxa5 39. Qc4 Qb6+ 40. Kh1 Kg7 41. Qc3 Nd5 42. Qa1 Ne3 43. Rb1 Nc2 44. Qa2 Nb4 45. Qa1 Kh7 46. Ne4 Re6 47. Rd1 c5 48. Rd7 Kg8 49. h4 c4 50. Qc1 Rxe4 51. fxe4 Nd3 52. Qa1 Nf2+ 53. Kh2 Ng4+ 54. Kh1 c3 55. Qc1 Qf6 56. Qe1 c2 57. Rc7 Qf4 58. Rc8+ Kh7 59. g3 Qf3+ 60. Kg1 Ne3 0-1

[Event "Wch-ch U10 Girls rapid"]
[Site "Minsk"]
[Date "2019.08.16"]
[Round "1"]
[White "Smietanska, Wiktoria"]
[Black "Tabermakova, Leila"]
[Result "1-0"]
[WhiteElo "1614"]
[BlackElo "1157"]
[PlyCount "75"]
[EventDate "2019.08.16"]
[EventType "swiss (rapid)"]
[EventRounds "9"]
[EventCountry "BLR"]
[SourceTitle "EXT 2020"]
[Source "ChessBase"]
[SourceDate "2019.10.17"]
[SourceVersion "1"]
[SourceVersionDate "2019.10.17"]
[SourceQuality "1"]

1. c4 e5 2. Nc3 Nc6 3. Nf3 f5 4. g3 Nf6 5. Bg2 g6 6. d3 Bg7 7. Rb1 a5 8. a3 0-0 9. 0-0 d6 10. b4 axb4 11. axb4 Qe8 12. b5 Ne7 13. Bb2 h6 14. Qb3 Kh8 15. Ra1 Rxa1 16. Rxa1 g5 17. Ra7 c6 18. bxc6 bxc6 19. Ba3 Qd8 20. Nxe5 c5 21. Rxe7 Qxe7 22. Ng6+ Kh7 23. Nxe7 Be6 24. Ned5 Nxd5 25. Bxd5 Bxd5 26. Nxd5 f4 27. Qb6 fxg3 28. hxg3 Bd4 29. e3 Be5 30. Qc7+ Kh8 31. Bxc5 Ra8 32. Bxd6 Ra1+ 33. Kg2 Bxd6 34. Qxd6 Kh7 35. Qe7+ Kg6 36. Qf6+ Kh5 37. Qf7+ Kg4 38. Qf3# 1-0